000 00593nam a22001577a 4500
082 _a621.3
_bAIN
100 _aAin, Mussarat ul (361435)
_9118347
245 _aApplication of Response Surface Methodology (RSM) for Cr(VI) removal through hemp and hemp-derived biochar; nonlinear adsorption isotherm, kinetics, and Artificial Neural network /
_cMussarat ul Ain
264 _aIslamabad :
_bUSPCAS-E, NUST
_cSeptember, 2023.
300 _axv, 72 p.
_e+CD
520 _aTH-517
650 _aMS Thesis
_918721
650 _aMS EEP Thesis
700 _aDr. Sehar Shakir
_9117750
942 _2ddc
_cTHE
999 _c603313
_d603313